000 00632cam a2200205 a 4500
020 _a0767410645
020 _a9780767410649
040 _cDLC
082 0 0 _a300 MAY 2000 A067 Or.
100 1 _aThorne, B. Michael
245 1 0 _aStatistics for the behavioral sciences /
250 _aThird edition
300 _axx, 439 pages :
_billustrations ;
_c25 cm
500 _aAn Instructor's manual, a Study guide with computer exercises, and a Solutions manual are available to accompany the text
500 _aIncludes index
650 0 _aSocial sciences
650 0 _aPsychometrics
700 1 _aGiesen, J. Martin
942 _cEK
999 _c14348
_d14348